Tratado de piscicultura /

Guardado en:
Autor Principal: Huet, Marcel
Formato: Libro
Publicado: Madrid : Mundi-prensa, 1998
Edición:3a. ed.
Materias:
Dbo
Etiquetas: Agregar Etiqueta
Sin Etiquetas, Sea el primero en etiquetar este registro!
LEADER 00794nam a22002415a 4500
001 CEM.cems017169
005 20130604112136.0
008 130507s1998##################000#0#####d
003 CEMS
020 |a 8471147386 
082 0 4 |a 639.3 
100 1 |a Huet, Marcel 
245 1 0 |a Tratado de piscicultura /  |c Marcel Huet 
250 |a 3a. ed. 
260 |a Madrid :  |b Mundi-prensa,  |c 1998 
300 |a 749 p. 
505 0 |a Estanques y peces de piscicultura -- Técnicas y métodos de piscicultura -- Control y aumento de la produción piscicola -- Recolección de los peces 
653 |a Piscicultura 
653 |a Acuicultura 
653 |a Demanda bioquímica de oxígeno 
653 |a Dbo 
653 |a Demanda biológica de oxígeno 
859 |a CEMS  |b BIB. CEMS - Agricultura  |h 639.3  |i H871a3  |p A0895.09  |t Ej.1